| 000 | 00511cas a2200169 4500 | ||
|---|---|---|---|
| 008 | 120817n eng u | ||
| 020 | _a9781854109590 | ||
| 035 | _a(Sirsi) a177171 | ||
| 050 | _aBF 172 GEL 2001. | ||
| 100 | _aGelb, Michael. | ||
| 245 |
_a Body learning : _b an introduction to the Alexander technique / _c Michael Gelb. |
||
| 260 |
_aNew York : _b H. Holt, _c 2001. |
||
| 300 | _axi,180p. | ||
| 504 | _aIncludes bibliography. | ||
| 555 | _aIncludes index. | ||
| 650 | _aAlexander technique. | ||
| 999 |
_c35063 _d35063 |
||